000 00727nam a2200205 i 4500
001 84992
003 ES-MaACL
005 20250902070713.0
007 t|
008 041124s1934 sp |||| | spa d
100 1 _aJones, Eduardo D.
_966838
245 1 0 _aOrganización y administración de empresas industriales /
_cEduardo D. Jones ; traducción de la 2ª edición inglesa por Víctor Lletget Aleña.
250 _a2ª ed. española aum., 2ª reimp.
260 _aBarcelona :
_bLabor,
_c1934 (
_fTalls. Gráfs. Iberoamericanos)
300 _aXVI, 784 p. ;
_c20 cm.
650 0 7 _aGestión de empresas
_2embne
_912210
700 1 _aLletget Aleña, Víctor.
_972773
852 _aES-MaACL
_jA-4976
999 _c84992
_d84992